Management Science Journal of the Institute of Management Sciences

Uložené v:
Podrobná bibliografia
Médium: Seriál
Jazyk:English
Vydavateľské údaje: Baltimore Institute of Management Sciences
Predmet:
Tagy: Pridať tag
Žiadne tagy, Buďte prvý, kto otaguje tento záznam!

MARC

LEADER 00000nas1a22000001 4500
001 s120435
005 20250701092057.3
022 |a 0025-1909 
022 |a 1526-5501 
041 0 |a eng 
044 |a US 
245 1 0 |a Management Science  |b Journal of the Institute of Management Sciences 
264 1 |a Baltimore  |b Institute of Management Sciences 
610 2 0 |a veda o riadení 
610 2 0 |a manažment